[Event "Tromsoe NGP op"]
[White "Hegelund, Ole Jakob"]
[Black "Aanstad, Magnus"]
[Site "Tromsoe"]
[Round "5"]
[Result "0-1"]
[Date "2013.11.22"]
[WhiteElo "1772"]
[BlackElo "2089"]
[PlyCount "114"]
[EventDate "2013.11.22"]
[EventType "swiss"]
[EventRounds "5"]
[EventCountry "NOR"]
[SourceTitle "CBM 157 Extra"]
[Source "ChessBase"]
[SourceDate "2013.12.19"]
[SourceVersion "1"]
[SourceVersionDate "2013.12.19"]
[SourceQuality "1"]

1. c4 e5 2. a3 c5 3. Nc3 Nc6 4. g3 g6 5. Bg2 Bg7 6. d3 d6 7. Nf3 Nge7 8. 0-0 0-0 9. e4 Bg4 10. h3 Bxf3 11. Bxf3 Nd4 12. Bg2 Rb8 13. Be3 f5 14. f4 Qd7 15. Bxd4 cxd4 16. Ne2 fxe4 17. dxe4 b5 18. Qd3 Rfc8 19. cxb5 Qxb5 20. Qf3 Rc2 21. Rf2 Rf8 22. Nxd4 Rxf2 23. Nxb5 Rxf3 24. Bxf3 exf4 25. Rd1 fxg3 26. Kg2 Rb8 27. Nc3 Rxb2+ 28. Ne2 Be5 29. Rc1 g5 30. Kf1 Ng6 31. Nxg3 Bxg3 32. Rc8+ Kf7 33. Bh5 Kf6 34. Bxg6 Kxg6 35. Rg8+ Kh6 36. Kg1 Ra2 37. Kf1 Rxa3 38. Kg2 Be5 39. Rf8 a5 40. Rf2 a4 41. Kf1 Ra1+ 42. Kg2 a3 43. Kf3 Rh1 44. Kg4 Kg6 45. Rd2 h5+ 46. Kf3 Rxh3+ 47. Ke2 Rh2+ 48. Kd3 Rxd2+ 49. Kxd2 a2 50. Kd3 a1Q 51. Kc4 Qa5 52. Kb3 Qc3+ 53. Ka4 Qb2 54. Ka5 Bc3+ 55. Ka6 Bd4 56. Ka5 Bc5 57. Ka4 Qb4# 0-1

[Event "NOR-chT lag"]
[White "Aanstad, Magnus"]
[Black "Pettersen, Magnor"]
[Site "Tromsoe"]
[Round "1"]
[Result "1-0"]
[Date "2013.02.22"]
[WhiteElo "1921"]
[BlackElo "1375"]
[PlyCount "43"]
[EventDate "2013.02.22"]
[EventType "team-swiss"]
[EventRounds "5"]
[EventCountry "NOR"]
[SourceTitle "CBM 153 Extra"]
[Source "ChessBase"]
[SourceDate "2013.04.22"]
[SourceVersion "1"]
[SourceVersionDate "2013.04.22"]
[SourceQuality "1"]

1. e4 c5 2. d4 cxd4 3. c3 Nc6 4. Nf3 e5 5. Bc4 h6 6. cxd4 Bb4+ 7. Nc3 exd4 8. Nxd4 Nf6 9. 0-0 Bxc3 10. bxc3 0-0 11. Ba3 Re8 12. Nb5 Nxe4 13. Qd5 a6 14. Qxf7+ Kh8 15. Nc7 Ne5 16. Qxe8+ Qxe8 17. Nxe8 Nxc4 18. Nc7 Rb8 19. Rfe1 Nf6 20. Be7 d6 21. Bxf6 gxf6 22. Re8+ 1-0

[Event "NOR-chT Nord"]
[White "Aanstad, Magnus"]
[Black "Jorgensen, Stig E"]
[Site "Tromsoe"]
[Round "1"]
[Result "0-1"]
[Date "2012.02.24"]
[WhiteElo "2088"]
[BlackElo "2018"]
[PlyCount "68"]
[EventDate "2012.02.24"]
[EventType "team-tourn"]
[EventRounds "5"]
[EventCountry "NOR"]
[SourceTitle "EXT 2015"]
[Source "ChessBase"]
[SourceDate "2014.11.20"]
[SourceVersion "1"]
[SourceVersionDate "2014.11.20"]
[SourceQuality "1"]

1. e4 c5 2. d4 cxd4 3. c3 dxc3 4. Nxc3 Nc6 5. Nf3 d6 6. Bc4 h6 7. 0-0 g5 8. Nd4 e5 9. Qh5 Rh7 10. Nxc6 bxc6 11. Be3 Nf6 12. Qd1 Ng4 13. Bd2 f5 14. exf5 Bxf5 15. h3 Nf6 16. Qf3 Bd7 17. Bd3 Rg7 18. Ne4 Kf7 19. Ng3 d5 20. Bf5 e4 21. Qe3 Bd6 22. Bxd7 Qxd7 23. Bc3 Rg6 24. Rad1 Kg8 25. Bd4 Kh7 26. Rc1 Bf4 27. Qc3 Bxc1 28. Bxf6 Bf4 29. Nh5 Rf8 30. Bd4 Qf7 31. Kh1 Re6 32. g4 c5 33. Bxc5 Be5 34. Qe3 Qf3+ 0-1

[Event "Vadso op"]
[White "Aanstad, Magnus"]
[Black "Tiviakov, Sergei"]
[Site "Vadso"]
[Round "1"]
[Result "0-1"]
[Date "2010.08.27"]
[WhiteElo "2086"]
[BlackElo "2623"]
[PlyCount "64"]
[EventDate "2010.08.27"]
[EventType "swiss"]
[EventRounds "5"]
[EventCountry "NOR"]
[SourceTitle "CBM 138 Extra"]
[Source "ChessBase"]
[SourceDate "2010.10.29"]
[SourceVersion "1"]
[SourceVersionDate "2010.10.29"]
[SourceQuality "1"]

1. e4 d5 2. exd5 Qxd5 3. Nc3 Qd6 4. Nf3 Nf6 5. d4 c6 6. Be2 g6 7. 0-0 Bg7 8. Bg5 0-0 9. Qd2 Bf5 10. Bc4 b5 11. Bf4 Qd8 12. Bb3 a5 13. a4 b4 14. Ne2 Bg4 15. Ne5 Bxe2 16. Qxe2 Qxd4 17. Bg3 Nd5 18. Nc4 Nd7 19. Rad1 Qa7 20. Rfe1 e6 21. Kh1 Rfd8 22. f4 Qc5 23. Qf3 Qe7 24. Ne5 Nxe5 25. fxe5 Rd7 26. Qe4 Bh6 27. Rd3 Rad8 28. Rf3 Bg5 29. Ref1 Qf8 30. Qg4 Qh6 31. h4 Bc1 32. Kg1 Ne3 0-1

[Event "NOR-chT Nord"]
[White "Aanstad, Magnus"]
[Black "Flermoen, Peter"]
[Site "Tromsoe"]
[Round "5"]
[Result "1/2-1/2"]
[Date "2010.02.26"]
[WhiteElo "2090"]
[BlackElo "2108"]
[PlyCount "97"]
[EventDate "2010.02.26"]
[EventType "team-tourn"]
[EventRounds "5"]
[EventCountry "NOR"]
[SourceTitle "EXT 2012"]
[Source "ChessBase"]
[SourceDate "2011.11.24"]
[SourceVersion "1"]
[SourceVersionDate "2011.11.24"]
[SourceQuality "1"]

1. e4 c5 2. d4 cxd4 3. c3 dxc3 4. Nxc3 Nc6 5. Nf3 e6 6. Bc4 Nge7 7. Bg5 a6 8. 0-0 Qc7 9. Qe2 Ng6 10. Rac1 Bd6 11. g3 0-0 12. Rfd1 h6 13. Be3 Be7 14. Bd3 d6 15. Qd2 Rd8 16. Na4 Rf8 17. b4 Bd7 18. Nb6 Rad8 19. a4 Qb8 20. Be2 Na7 21. e5 Bc6 22. exd6 Rxd6 23. Qb2 Rfd8 24. Rxd6 Bxd6 25. b5 axb5 26. axb5 Bxf3 27. Bxf3 Ne5 28. Be2 Nd7 29. Nc4 Nc8 30. Rd1 b6 31. Nxd6 Nxd6 32. Bf4 e5 33. Bxe5 Nxe5 34. Qxe5 Nb7 35. Qxb8 Rxb8 36. Rd7 Nc5 37. Ra7 f5 38. h4 g6 39. Bc4+ Kh8 40. Bf7 Kg7 41. Bd5+ Kf6 42. f4 g5 43. h5 gxf4 44. gxf4 Ne6 45. Bxe6 Kxe6 46. Rh7 Kd5 47. Rxh6 Ke4 48. Kf2 Kxf4 49. Rc6 1/2-1/2

[Event "NOR-chT Nord"]
[White "Aanstad, Magnus"]
[Black "Nilsen, Joachim Birger"]
[Site "Tromsoe"]
[Round "2"]
[Result "0-1"]
[Date "2010.02.26"]
[WhiteElo "2090"]
[BlackElo "2152"]
[PlyCount "110"]
[EventDate "2010.02.26"]
[EventType "team-tourn"]
[EventRounds "5"]
[EventCountry "NOR"]
[SourceTitle "EXT 2012"]
[Source "ChessBase"]
[SourceDate "2011.11.24"]
[SourceVersion "1"]
[SourceVersionDate "2011.11.24"]
[SourceQuality "1"]

1. d4 d5 2. e4 c6 3. e5 c5 4. dxc5 Nc6 5. Bf4 e6 6. Nf3 Bxc5 7. Bd3 Nge7 8. c3 Ng6 9. Bg3 0-0 10. h4 f5 11. h5 Nh8 12. Nbd2 Nf7 13. Nb3 Be7 14. Qe2 a5 15. Nbd4 Ng5 16. Nxg5 Nxd4 17. cxd4 Bxg5 18. f4 Be7 19. Rc1 Bd7 20. 0-0 Qb6 21. Bf2 Rac8 22. Rxc8 Rxc8 23. g4 a4 24. gxf5 exf5 25. Be3 a3 26. bxa3 Bxa3 27. Rb1 Qc7 28. Bd2 Be6 29. Rb3 Qe7 30. Qf3 Bc1 31. Be1 Ra8 32. Bb1 Ra4 33. Bc3 Ra6 34. Be1 Ra4 35. Bc3 Ra6 36. Qg3 Qf7 37. Qf3 Qe7 38. Be1 Ra4 39. Bf2 Qc7 40. Bxf5 Bxf5 41. Qxd5+ Qf7 42. Qd8+ Qf8 43. Qc7 Bxf4 44. Rxb7 Rb4 45. Rxb4 Qxb4 46. Qd8+ Qf8 47. Qd5+ Kh8 48. e6 g6 49. h6 Bxh6 50. Bg3 Qe8 51. Be5+ Bg7 52. Bxg7+ Kxg7 53. Qe5+ Kg8 54. d5 Qe7 55. d6 Qxe6 0-1

[Event "Tromsoesjakken op"]
[White "Aanstad, Magnus"]
[Black "Pedersen, Johnny Karl"]
[Site "Tromsoe"]
[Round "1"]
[Result "1-0"]
[Date "2007.11.16"]
[WhiteElo "1932"]
[BlackElo "1219"]
[PlyCount "46"]
[EventDate "2007.11.16"]
[EventType "swiss"]
[EventRounds "5"]
[EventCountry "NOR"]
[SourceTitle "EXT 2010"]
[Source "ChessBase"]
[SourceDate "2010.11.25"]
[SourceVersion "1"]
[SourceVersionDate "2010.11.25"]
[SourceQuality "1"]

1. e4 e5 2. Nf3 d6 3. d4 exd4 4. Nxd4 Nf6 5. Nc3 c6 6. Bd3 Ng4 7. 0-0 Be7 8. Be2 h5 9. h3 Nf6 10. Be3 g6 11. f4 Nbd7 12. f5 Nc5 13. fxg6 fxg6 14. Bc4 a6 15. Qf3 Rf8 16. Qg3 Ncxe4 17. Nxe4 Nxe4 18. Qxg6+ Kd7 19. Be6+ Kc7 20. Qxe4 c5 21. Nf5 Re8 22. Ng7 Rg8 23. Bxg8 Qxg8 1-0

[Event "Tromsoesjakken op"]
[White "Aanstad, Magnus"]
[Black "Rolvag, Birk Anders"]
[Site "Tromsoe"]
[Round "4"]
[Result "1-0"]
[Date "2007.11.16"]
[WhiteElo "1932"]
[BlackElo "1474"]
[PlyCount "31"]
[EventDate "2007.11.16"]
[EventType "swiss"]
[EventRounds "5"]
[EventCountry "NOR"]
[SourceTitle "EXT 2010"]
[Source "ChessBase"]
[SourceDate "2010.11.25"]
[SourceVersion "1"]
[SourceVersionDate "2010.11.25"]
[SourceQuality "1"]

1. d4 Nf6 2. Nc3 g6 3. e4 d6 4. Be2 Bg7 5. g4 c5 6. dxc5 Qa5 7. Bd2 Qxc5 8. g5 Nfd7 9. Nd5 a6 10. Nf3 e6 11. b4 Qc6 12. b5 Qc5 13. Bb4 Qa7 14. b6 Nxb6 15. Nc7+ Kf8 16. Qxd6+ 1-0

[Event "Tromsoesjakken op"]
[White "Romsdal, Trond"]
[Black "Aanstad, Magnus"]
[Site "Tromsoe"]
[Round "2"]
[Result "1-0"]
[Date "2007.11.16"]
[WhiteElo "2066"]
[BlackElo "1932"]
[PlyCount "61"]
[EventDate "2007.11.16"]
[EventType "swiss"]
[EventRounds "5"]
[EventCountry "NOR"]
[SourceTitle "EXT 2010"]
[Source "ChessBase"]
[SourceDate "2010.11.25"]
[SourceVersion "1"]
[SourceVersionDate "2010.11.25"]
[SourceQuality "1"]

1. Nf3 c5 2. e4 Nc6 3. d4 cxd4 4. Nxd4 Nf6 5. Nc3 e5 6. Ndb5 d6 7. Bg5 a6 8. Na3 b5 9. Bxf6 gxf6 10. Nd5 f5 11. Bd3 Be6 12. Qh5 Bg7 13. c4 bxc4 14. Nxc4 Rb8 15. 0-0 f4 16. Kh1 Nb4 17. Nxb4 Rxb4 18. b3 Qd7 19. f3 0-0 20. Rad1 Rd8 21. Rg1 f6 22. g3 Bf7 23. Qh4 fxg3 24. Rxg3 Bg6 25. Ne3 Rf8 26. Bxa6 d5 27. Nxd5 Rd4 28. Rxd4 exd4 29. Bc4 Rf7 30. Nxf6+ Bxf6 31. Qxf6 1-0

[Event "Politiken Cup 29th"]
[White "Nielsen, Carsten Juul"]
[Black "Aanstad, Magnus"]
[Site "Copenhagen"]
[Round "7"]
[Result "1-0"]
[Date "2007.07.26"]
[WhiteElo "2120"]
[BlackElo "1818"]
[PlyCount "93"]
[EventDate "2007.07.21"]
[EventType "swiss"]
[EventRounds "10"]
[EventCountry "DEN"]
[SourceTitle "CBM 119 Extra"]
[Source "ChessBase"]
[SourceDate "2007.09.04"]
[SourceVersion "1"]
[SourceVersionDate "2007.09.04"]
[SourceQuality "1"]

1. d4 Nf6 2. c4 e5 3. dxe5 Ng4 4. Nf3 Bc5 5. e3 Nc6 6. Be2 0-0 7. 0-0 Ngxe5 8. Nc3 a5 9. b3 Re8 10. Bb2 Nxf3+ 11. Bxf3 Ne5 12. Ne4 Bf8 13. Ng3 Ra6 14. Bc3 Qh4 15. Bxe5 Rxe5 16. Qd4 Qe7 17. Bd5 g6 18. Rfe1 Bg7 19. f4 Rh5 20. Qe4 Qxe4 21. Bxe4 Rh4 22. Rad1 Re6 23. Rd3 c6 24. Bf3 Re8 25. Ne4 d5 26. Nd6 dxc4 27. bxc4 Rd8 28. Red1 Bf8 29. g3 Rxd6 30. Rxd6 Rh6 31. Rd8 Be6 32. Rb8 Kg7 33. h4 Bxc4 34. e4 Bxa2 35. Rdd8 Bc5+ 36. Kg2 Kf6 37. Rxb7 a4 38. Rc8 Kg7 39. Rxc6 Bf8 40. e5 g5 41. Rxh6 Kxh6 42. hxg5+ Kg7 43. f5 Kg8 44. Rd7 a3 45. Bd5 Bb1 46. Bxf7+ Kh8 47. f6 1-0

[Event "Politiken Cup 29th"]
[White "Aanstad, Magnus"]
[Black "Aabling Thomsen, Jakob"]
[Site "Copenhagen"]
[Round "6"]
[Result "0-1"]
[Date "2007.07.25"]
[WhiteElo "1818"]
[BlackElo "2241"]
[PlyCount "66"]
[EventDate "2007.07.21"]
[EventType "swiss"]
[EventRounds "10"]
[EventCountry "DEN"]
[SourceTitle "CBM 119 Extra"]
[Source "ChessBase"]
[SourceDate "2007.09.04"]
[SourceVersion "1"]
[SourceVersionDate "2007.09.04"]
[SourceQuality "1"]

1. e4 g6 2. d4 Bg7 3. Nc3 d6 4. Be2 a6 5. f4 Nd7 6. Nf3 c5 7. 0-0 cxd4 8. Nxd4 Ngf6 9. Kh1 b5 10. Bf3 e5 11. Nc6 Qc7 12. Nb4 Bb7 13. Nbd5 Nxd5 14. Nxd5 Bxd5 15. Qxd5 Nb6 16. Qd3 0-0 17. f5 Rad8 18. Bg4 Qe7 19. Qh3 d5 20. Bh6 Rd6 21. Bxg7 Kxg7 22. exd5 Nxd5 23. Rae1 Re8 24. Be2 Qg5 25. Bd3 Nf4 26. Qg3 Qxg3 27. hxg3 Nxd3 28. cxd3 Rxd3 29. f6+ Kh6 30. Kh2 g5 31. Rf5 e4 32. g4 Kg6 33. Rc5 Re6 0-1

[Event "Tromsoesjakken-A"]
[White "Aanstad, Magnus"]
[Black "Mikalsen, Odd Erling"]
[Site "Tromsoe"]
[Round "5"]
[Result "1/2-1/2"]
[Date "2006.11.17"]
[WhiteElo "1901"]
[BlackElo "1629"]
[PlyCount "61"]
[EventDate "2006.11.17"]
[EventType "swiss"]
[EventRounds "5"]
[EventCountry "NOR"]
[SourceTitle "EXT 2008"]
[Source "ChessBase"]
[SourceDate "2007.11.25"]
[SourceVersion "1"]
[SourceVersionDate "2007.11.25"]
[SourceQuality "1"]

1. e4 e5 2. Nf3 Nc6 3. d4 exd4 4. Bc4 Nf6 5. 0-0 Nxe4 6. Re1 d5 7. Bxd5 Qxd5 8. Nc3 Qa5 9. Nxe4 Be6 10. Neg5 0-0-0 11. Nxe6 fxe6 12. Rxe6 h6 13. Qe2 Bd6 14. Bd2 Qd5 15. c4 Qf5 16. Nh4 Qc2 17. Rc1 Qxb2 18. Ng6 Bb4 19. Nxh8 Bxd2 20. Rd1 Bc3 21. Qg4 Kb8 22. Nf7 Rf8 23. Re2 Qa3 24. Qd7 a6 25. Rb1 Bb4 26. h3 d3 27. Re8+ Rxe8 28. Qxe8+ Ka7 29. Qe3+ Bc5 30. Qd2 Bb4 31. Qe3+ 1/2-1/2

[Event "Harstad op-A"]
[White "Aanstad, Magnus"]
[Black "Hanssen, Gunnar Berg"]
[Site "Harstad"]
[Round "3"]
[Result "0-1"]
[Date "2006.10.14"]
[WhiteElo "1883"]
[BlackElo "2153"]
[PlyCount "54"]
[EventDate "2006.10.13"]
[EventType "swiss"]
[EventRounds "5"]
[EventCountry "NOR"]
[SourceTitle "EXT 2008"]
[Source "ChessBase"]
[SourceDate "2007.11.25"]
[SourceVersion "1"]
[SourceVersionDate "2007.11.25"]
[SourceQuality "1"]

1. e4 c6 2. d4 d5 3. Nc3 dxe4 4. Nxe4 Nd7 5. Bc4 Ngf6 6. Ng5 e6 7. Qe2 Nb6 8. Bb3 h6 9. N5f3 c5 10. dxc5 Bxc5 11. Ne5 Qc7 12. Ngf3 0-0 13. Bd2 Nbd7 14. 0-0-0 Nxe5 15. Nxe5 b5 16. g4 Bb7 17. Rhg1 a5 18. a3 a4 19. Ba2 Ne4 20. Bf4 Bxa3 21. Nd3 Nc3 22. Qe1 Nxa2+ 23. Kb1 Qc4 24. Be5 f6 25. bxa3 fxe5 26. Nxe5 Nc3+ 27. Kc1 Qf4+ 0-1

[Event "Harstad op-A"]
[White "Aanstad, Magnus"]
[Black "Simonsen, Inge"]
[Site "Harstad"]
[Round "1"]
[Result "1-0"]
[Date "2006.10.13"]
[WhiteElo "1883"]
[BlackElo "1466"]
[PlyCount "71"]
[EventDate "2006.10.13"]
[EventType "swiss"]
[EventRounds "5"]
[EventCountry "NOR"]
[SourceTitle "EXT 2008"]
[Source "ChessBase"]
[SourceDate "2007.11.25"]
[SourceVersion "1"]
[SourceVersionDate "2007.11.25"]
[SourceQuality "1"]

1. e4 e6 2. d4 d5 3. e5 c5 4. dxc5 Bxc5 5. Qg4 Bf8 6. Nc3 a6 7. Nf3 Nc6 8. Bf4 f6 9. Bd3 f5 10. Qg3 d4 11. Ne2 Bb4+ 12. Nd2 Kf7 13. c3 dxc3 14. bxc3 Be7 15. h4 Nh6 16. Rd1 Ng4 17. Nc4 Bc5 18. 0-0 Qe7 19. Nd4 Bxd4 20. Nd6+ Kf8 21. cxd4 Nxd4 22. f3 Nh6 23. Rc1 Nc6 24. Be3 Qd8 25. Rfd1 Bd7 26. Nxb7 Qc7 27. Nc5 Bc8 28. Nb3 Nf7 29. f4 g6 30. Qf3 Bb7 31. Nc5 Nfd8 32. Bf1 Nxe5 33. Qg3 Nec6 34. Rd7 Qc8 35. Qg5 Nf7 36. Qf6 1-0

[Event "Narvik CC-ch"]
[White "Hansen, Ola"]
[Black "Aanstad, Magnus"]
[Site "Narvik"]
[Round "3"]
[Result "0-1"]
[Date "2006.09.28"]
[WhiteElo "1543"]
[BlackElo "1901"]
[PlyCount "110"]
[EventDate "2006.09.07"]
[EventType "swiss"]
[EventRounds "7"]
[EventCountry "NOR"]
[SourceTitle "EXT 2008"]
[Source "ChessBase"]
[SourceDate "2007.11.25"]
[SourceVersion "1"]
[SourceVersionDate "2007.11.25"]
[SourceQuality "1"]

1. e4 c5 2. Nc3 Nc6 3. f4 e6 4. Nf3 a6 5. g3 d5 6. Bg2 d4 7. Ne2 Nf6 8. d3 Be7 9. 0-0 Qb6 10. Kh1 0-0 11. c4 dxc3 12. bxc3 Rd8 13. Qc2 Qb5 14. Rd1 e5 15. Rb1 Qa5 16. Be3 b5 17. h3 Qc7 18. fxe5 Nxe5 19. Nxe5 Qxe5 20. Bf4 Qh5 21. e5 Nd5 22. Kh2 g5 23. Bc1 Bg4 24. Re1 Rac8 25. Ng1 Bf5 26. Be4 Bxh3 27. Nxh3 g4 28. Bg2 gxh3 29. Bxh3 Rc6 30. Re4 Rg6 31. Bf4 Nxf4 32. Rxf4 Qxe5 33. Rbf1 Bd6 34. Qf2 Qg5 35. Rg4 Qe7 36. Rxg6+ hxg6 37. Qf6 Qxf6 38. Rxf6 Be5 39. Rxa6 Rxd3 40. Ra8+ Kg7 41. Bf1 Rxc3 42. Bxb5 Rxg3 43. Kh1 Rc3 44. Kg2 c4 45. Rc8 Rc2+ 46. Kf3 c3 47. Bc4 f5 48. Re8 Bd4 49. Bb3 Rb2 50. Rc8 g5 51. Rc4 Be5 52. Rc6 g4+ 53. Ke3 g3 54. Rc8 g2 55. Kf3 Rxb3 0-1

[Event "NOR-chT north"]
[White "Aanstad, Magnus"]
[Black "Schjelderup, Nils Jakob"]
[Site "Harstad"]
[Round "3"]
[Result "1-0"]
[Date "2006.01.28"]
[WhiteElo "1905"]
[BlackElo "1616"]
[PlyCount "119"]
[EventDate "2006.01.27"]
[EventType "team-tourn"]
[EventRounds "5"]
[EventCountry "NOR"]
[SourceTitle "EXT 2008"]
[Source "ChessBase"]
[SourceDate "2007.11.25"]
[SourceVersion "1"]
[SourceVersionDate "2007.11.25"]
[SourceQuality "1"]

1. e4 c5 2. d4 cxd4 3. c3 dxc3 4. Nxc3 Nc6 5. Nf3 a6 6. Bc4 d6 7. 0-0 Nf6 8. h3 e6 9. Qe2 Be7 10. Rd1 Bd7 11. Bf4 b5 12. Bb3 Qb8 13. e5 dxe5 14. Nxe5 Nxe5 15. Bxe5 Qb7 16. Rac1 Rc8 17. Bxf6 Bxf6 18. Ne4 Be7 19. Rxc8+ Bxc8 20. Rd3 0-0 21. Rg3 Rd8 22. Qf3 Qd7 23. Nf6+ Bxf6 24. Qxf6 g6 25. Re3 Qd4 26. Qe7 Qd6 27. Qf6 Re8 28. Rc3 Bb7 29. h4 h5 30. Bc2 Qe7 31. Qf4 Rc8 32. Rxc8+ Bxc8 33. Be4 e5 34. Qc1 Be6 35. Qc6 Bxa2 36. Qxa6 Bc4 37. b3 Bxb3 38. Qxb5 Qe6 39. Qc5 Kg7 40. Qc3 Bd5 41. Bxd5 Qxd5 42. g3 Qd4 43. Qc7 e4 44. Qf4 Qd1+ 45. Kg2 Qd5 46. Kg1 Qd1+ 47. Kg2 Qg4 48. Qe5+ Kh7 49. Qf6 Qf5 50. Qc3 Qd5 51. Kg1 Kg8 52. Qc8+ Kg7 53. Qc3+ Kf8 54. Qa3+ Ke8 55. Qe3 Kd7 56. Qa7+ Ke6 57. Qb6+ Kf5 58. Qe3 Kg4 59. Kg2 Qf5 60. Kh2 1-0

[Event "Hammerfest op"]
[White "Aanstad, Magnus"]
[Black "Rudi, Erik"]
[Site "Hammerfest"]
[Round "4"]
[Result "1-0"]
[Date "2002.09.21"]
[WhiteElo "1950"]
[BlackElo "1297"]
[PlyCount "41"]
[EventDate "2002.09.??"]
[EventType "swiss"]
[EventRounds "7"]
[EventCountry "NOR"]
[SourceTitle "EXT 2005"]
[Source "ChessBase"]
[SourceDate "2004.11.15"]
[SourceVersion "1"]
[SourceVersionDate "2004.11.15"]
[SourceQuality "1"]

1. e4 c5 2. d4 cxd4 3. c3 dxc3 4. Nxc3 Nc6 5. Nf3 g6 6. Bc4 e6 7. 0-0 Bg7 8. Nb5 Kf8 9. Re1 f6 10. b3 Nge7 11. Ba3 d6 12. Nxd6 b5 13. Be2 b4 14. Bb2 e5 15. Bc4 Qb6 16. Nxe5 Nxe5 17. Bxe5 Nc6 18. Nxc8 Rxc8 19. Bd6+ Ne7 20. e5 fxe5 21. Qf3+ 1-0

[Event "Tromsoe op"]
[White "Aanstad, Magnus"]
[Black "Kiselev, Gennady Aleksandrov"]
[Site "Tromsoe"]
[Round "3"]
[Result "0-1"]
[Date "2001.11.03"]
[WhiteElo "1994"]
[BlackElo "2431"]
[PlyCount "98"]
[EventDate "2001.11.??"]
[EventType "swiss"]
[EventRounds "5"]
[EventCountry "NOR"]
[SourceTitle "EXT 2005"]
[Source "ChessBase"]
[SourceDate "2004.11.15"]
[SourceVersion "1"]
[SourceVersionDate "2004.11.15"]
[SourceQuality "1"]

1. e4 e5 2. Nf3 Nc6 3. d4 exd4 4. Bc4 Nf6 5. 0-0 Nxe4 6. Re1 d5 7. Bxd5 Qxd5 8. Nc3 Qa5 9. Nxe4 Be6 10. Neg5 0-0-0 11. Nxe6 fxe6 12. Rxe6 h6 13. Qe2 Qd5 14. Bf4 Bc5 15. Re1 Rhf8 16. Bg3 Qxa2 17. Qb5 Bb6 18. Rg6 Rfe8 19. Rxe8 Rxe8 20. h3 Qb1+ 21. Kh2 Qxc2 22. Rxg7 Qe4 23. Nd2 Qe6 24. Nc4 Re7 25. Rxe7 Qxe7 26. Qf5+ Kb8 27. Qg6 Bc5 28. f4 Qd8 29. f5 d3 30. Bf4 a6 31. Qg7 b5 32. Nd2 Nd4 33. Qxh6 Ne2 34. Be5 Qd5 35. Nf3 Kb7 36. f6 Bd6 37. Bxd6 Qxd6+ 38. Kh1 Ng3+ 39. Kg1 Ne4 40. Qg6 Nxf6 41. Nd2 Qd4+ 42. Kh1 Nd5 43. Nb3 d2 44. Na5+ Ka7 45. Nc6+ Ka8 46. Qe8+ Kb7 47. Nd8+ Ka7 48. Nc6+ Kb6 49. Nxd4 d1Q+ 0-1